La rana : cría y explotación /
Guardado en:
| Autor Principal: | |
|---|---|
| Formato: | Libro |
| Idioma: | Spanish |
| Publicado: |
Madrid :
Mundi-Prensa,
1996.
|
| Edición: | 2a ed. corr. y ampl. |
| Series: | Agroguías Mundi-Prensa
|
| Etiquetas: |
Agregar Etiqueta
Sin Etiquetas, Sea el primero en etiquetar este registro!
|
| LEADER | 00579nam a22001815a 4500 | ||
|---|---|---|---|
| 001 | EEA.libagro005990 | ||
| 005 | 20161007102351.0 | ||
| 008 | 130809s1996####sp#a##########000#0#spa#d | ||
| 020 | |a 8471146290 | ||
| 082 | 0 | 4 | |a 639.3789 |
| 082 | 0 | 4 | |a 597.8 |
| 100 | 1 | |a Hernández-Briz Vilanova, Francisco. | |
| 245 | 1 | 3 | |a La rana : |b cría y explotación / |c F. Hernández-Briz Vilanova. |
| 250 | |a 2a ed. corr. y ampl. | ||
| 260 | |a Madrid : |b Mundi-Prensa, |c 1996. | ||
| 300 | |a 108 p. : |b il. ; |c 19 cm. | ||
| 490 | 1 | |a Agroguías Mundi-Prensa | |
| 859 | |a AR-BbBCA |b BIB. AGRONOMIA |h 639.3789 |i H557a2 |p 1998/3349 | ||
